Ośrodek Badań Naukowych im. Wojciecha Kętrzyńskiego 1961-2005

Titel: Ośrodek Badań Naukowych im. Wojciecha Kętrzyńskiego 1961-2005
Verfasser:
In: Acta cassubiana, Band 9 (2007), Seite 169-191
alle Artikel anzeigen
Veröffentlicht: 2007
Format: Aufsatz
Sprache: Polnisch
Kein Bild verfügbar
X
alg: 39416373
001A    $01999:12-11-16 
001B    $06050:10-03-26 $t09:56:28.000 
001D    $01999:12-11-16 
001U    $0utf8 
001X    $00 
002@    $0Aox 
003@    $0394163737 
007A    $0394163737 $aHEB 
007T    $0Herdkk00024883 
010@    $apol 
011@    $a2007 
021A    $aOśrodek Badań Naukowych im. Wojciecha Kętrzyńskiego 1961-2005 
028A    $7 $8Achremczyk, Stanisław [Tnd] $9138905223 
031A    $d9 $h169-191 $j2007 
039B    $aIn $8--Abvc--. Acta cassubiana. - Gdańsk : [Verlag nicht ermittelbar], 1999-. - ISSN 1509-5703 $x200700000090000831 $9099074672 
045F    $a307.09438 $eDDC23BSB 
045F/01 $a307.09 
045F/03 $g438 
045T    $a7,41 $a7,39 
045T    $aOST $qDE-12 $2FID 

lok: 39416373 78

exp: 39416373 78 1 #EPN
201B/01 $019-09-18 $t22:52:39.000 
201U/01 $0utf8 
203@/01 $0790274248 
208@/01 $a12-11-16 $be 
209A/01 $a/ $f000 $x00 
220C/01 $aTitelaufnehmer: pbb 
220C/01 $aHerkunft: PBB/IH PAN 
220C/01 $aAnmerkung: *uA 
244Z/01 $2Trx $#Poola $#Lenkija $#Polija $#Polen Land $#Poland $#Lengyelország $#Poľsko $#Polsko $8--Trx--Polska$gkraj $x01 $9391345966 
244Z/01 $#Olsztyn (Woiwodschaft) $#Allenstein $#Allenstein Olsztyn $#Ol'štyn $71008435-6 $8--Tg1--Olsztyn $x02 $9041913086 
244Z/01 $2Trx $8--Trx--Zeitschriftenaufsatz $x03 $9391384341 
245Z/01 $a13.03 $x01 
245Z/01 $a01.05 $x02 
247C/01 $82080>Marburg/Lahn, Herder-Institut, Forschungsbibliothek, Bibliographieportal $9336309341
LEADER 00000caa a22000002c 4500
001 394163737
003 DE-603
005 20260310095628.0
007 tu
008 161112s2007 xx |||| | u00||u|pol c
035 |a (DE-599)HEB394163737 
040 |a DE-603  |b ger  |c DE-603  |d DE-603 
041 |a pol 
082 0 4 |8 1\u  |a 307.09438  |q DE-101  |2 23/BSB 
084 |a 7,41  |a 7,39  |2 ssgn 
084 |a OST  |q DE-12  |2 fid 
085 |8 1\u  |b 307.09 
085 |8 1\u  |z 2  |s 438 
100 1 |a Achremczyk, Stanisław  |0 (DE-603)138905223 
245 0 0 |a Ośrodek Badań Naukowych im. Wojciecha Kętrzyńskiego 1961-2005 
264 0 |c 2007 
773 0 8 |i In  |t Acta cassubiana  |d Gdańsk : [Verlag nicht ermittelbar], 1999-  |x 1509-5703  |g Band 9 (2007), Seite 169-191  |w (DE-603)099074672  |w (DE-600)2050525-5 
924 0 |9 2080  |a (DE-603)790274248  |b DE-2080  |c HES  |d d  |g /